| 000 | 00350nam a2200109Ia 4500 | ||
|---|---|---|---|
| 008 | 171204s9999 xx 000 0 und d | ||
| 245 | _aLogic Pro X: Audio and Music Production: | ||
| 245 | _cMark Cousins and Russ Hepworth-Sawyer | ||
| 260 | _c2014 | ||
| 650 | _xAUDIO VISUAL POST PRODUCTION | ||
| 856 | _uhttp://down.ebook777.com/025/9780415857680.pdf | ||
| 999 |
_c346250 _d346250 |
||